|
|
|
|
| LEADER |
00000nam a2200000Ii 4500 |
| 001 |
DIGUNIMAG0207 |
| 003 |
NyNyDIG |
| 006 |
m o d |
| 007 |
cr ||||||||||| |
| 008 |
250915s2025 ck a o 000 p spa d |
| 035 |
|
|
|a (OCoLC)1524434338
|
| 040 |
|
|
|a DGITA
|b eng
|e rda
|e pn
|c DGITA
|
| 020 |
|
|
|a 9789587468618
|q (pdf)
|
| 020 |
|
|
|a 9789587468625
|q (ePub)
|
| 020 |
|
|
|z 9789587468601
|q (impreso)
|
| 050 |
1 |
4 |
|a PQ8179.B29 ebook
|
| 100 |
1 |
|
|a Barreneche Ruiz, Mariano,
|d 1906-1982,
|e author.
|
| 245 |
1 |
0 |
|a De pie sobre mi sombra /
|c Mariano Barreneche Ruiz.
|
| 250 |
|
|
|a Primera edición.
|
| 264 |
|
1 |
|a Santa Marta D.T.C.H. :
|b Editorial Unimagdalena,
|c [2025]
|
| 300 |
|
|
|a 1 online resource :
|b illustrations.
|
| 336 |
|
|
|a text
|b txt
|2 rdacontent
|
| 337 |
|
|
|a computer
|b c
|2 rdamedia
|
| 338 |
|
|
|a online resource
|b cr
|2 rdacarrier
|
| 347 |
|
|
|a text file
|2 rdaft
|
| 347 |
|
|
|b PDF
|
| 490 |
1 |
|
|a Colección Santa Marta 500 años
|
| 588 |
0 |
|
|a Online resource; title from PDF title page (Digitalia, viewed September 15, 2025)
|
| 655 |
|
7 |
|a Poetry.
|2 lcgft
|
| 776 |
0 |
8 |
|i Print version:
|a Barreneche Ruiz, Mariano, 1906-1982.
|t De pie sobre mi sombra.
|b Primera edición.
|d Santa Marta D.T.C.H. : Editorial Unimagdalena, [2025]
|z 9789587468601
|
| 791 |
2 |
|
|a Digitalia (Firm),
|e distributor.
|
| 793 |
0 |
|
|g Digitalia eBook Collection:
|a Universidad del Magdalena
|
| 830 |
|
0 |
|a Colección Santa Marta 500 años.
|
| 856 |
4 |
0 |
|3 Digitalia Hispánica
|u https://www.digitaliapublishing.com/a/175933/
|
| 910 |
|
|
|a Premium collection: 2025
|